Hazardous road locations: identification and counter measures

Gorde:
Xehetasun bibliografikoak
Erakunde egilea: Organisation for Economic Co-Operation and Development (Egilea)
Formatua: Liburua
Hizkuntza:ingelesa
Argitaratua: París OECD 1976
Saila:Road Research
Gaiak:
Etiketak: Etiketa erantsi
Etiketarik gabe, Izan zaitez lehena erregistro honi etiketa jartzen!

MARC

LEADER 00000nam a2200000 a 4500
001 UCU6621
003 CL-VaPUC
008 960621e19760000FR |||||||||||||||||eng|d
082 0 4 |a 388.411  |b ORG  |2 21 
110 2 |a Organisation for Economic Co-Operation and Development  |e author  |9 364911 
245 1 0 |a Hazardous road locations: identification and counter measures 
300 |a 108 p 
942 |c BK 
945 |d 19960621 00:00:00  |a lriquelm 
260 |a París  |b OECD  |c 1976 
650 7 |a CALLES  |2 CL-VaPUC  |9 364295 
650 0 |a Planificación urbana   |9 258176 
650 7 |a TRAFICO URBANO  |2 CL-VaPUC  |9 364912 
650 0 |a Aceras  |9 364902 
583 |a last modification  |c 19960621 00:00:00  |k Rodrigo Vera 
490 0 |a Road Research 
999 |c 249472  |d 249470 
952 |0 0  |1 0  |4 0  |6 388_411000000000000_ORG_1976  |7 0  |8 A  |9 266746  |a BIBING  |b BIBING  |d 2019-11-19  |i 1689274  |o 388.411 ORG 1976  |p 1689274  |r 2025-01-20  |w 2019-11-19  |y BK  |k TRA